| 000 | 01136nam a2200253 a 4500 | ||
|---|---|---|---|
| 001 | 000025459 | ||
| 005 | 20200930023813.0 | ||
| 008 | 960129s1991 sp a b 100 0 spa | ||
| 020 | _a8478200916 | ||
| 040 |
_aDO-SdBNP _bspa _cBNPHU |
||
| 082 |
_a860.994655 _bP953cu |
||
| 111 | 2 |
_aCurso sobre Lengua y Literatura en Aragón _n(1 : _d1991, _cUniversidad de Zaragoza) _952075 |
|
| 245 | 1 | 3 |
_aI Curso sobre Lengua y Literatura en Aragón : _b(edad media) / _ccoordinación Tomás Buesa , Aurora Egido ; Edición José María Enguita. |
| 260 |
_aZaragoza : _bInstitución Fernando el Católico, _c1991. |
||
| 300 |
_a[255] p. : _bil. ; _c24 cm. |
||
| 500 | _a"Celebrado del 2 al 4 de febrero de 1990, en el paraninfo de la universidad de zaragoza. | ||
| 504 | _aIncluye referencias bibliográficas. | ||
| 650 | 4 |
_aLiteratura española _xHistoria y crítica _y1500-1700 _910570 |
|
| 650 | 4 |
_aEspañol _yPERÍODO CLÁSICO, 1500-1700 _xCongreso _910571 |
|
| 650 | 4 |
_aEspañol _zEspaña _zAragón _xCongreso _910572 |
|
| 700 | 1 |
_aBuesa, Tomás, _ecoord. _952076 |
|
| 700 | 1 |
_aEgido, Aurora, _ecoord. _910573 |
|
| 700 | 1 |
_aEnguita, José M., _eed. _952077 |
|
| 999 |
_c24951 _d24951 |
||